| 000 | 00486nam a22001817a 4500 | ||
|---|---|---|---|
| 003 | NUST - PNEC | ||
| 005 | 20170116181027.0 | ||
| 008 | 150917b xxu||||| |||| 00| 0 eng d | ||
| 020 | _a0029465753 | ||
| 020 | _a0023067802 | ||
| 040 | _cLIBRARY | ||
| 082 | _a621.4021 BAU | ||
| 100 |
_910865 _aBauman, Robert P. |
||
| 245 |
_aModern thermodynamics with statistical mechanics _cRobert P. Bauman |
||
| 260 | _cc.1992 | ||
| 650 |
_910867 _aStatistical mechanics _xME |
||
| 942 |
_2ddc _cBK |
||
| 999 |
_c67584 _d67584 |
||